000 00676nam a22002177a 4500
001 000339
003 DO-SdBNP
005 20180131124510.0
007 000339
008 160630b 1981 sp xxu||||| |||| 00| 0 spa d
020 _a8428311455
040 _aBPMSU
_bspa
_cBPMSU
100 1 _aEscartín, Pedro
245 1 0 _aLos Mundiales que he vivido :
_by el Mundial 82 /
_cPedro Escartín , prólogo de José Santamaría Iglesias.
260 _aMadrid :
_bParaninfo,
_c1981.
300 _a232 p. :
_bil. ;
_c20 cm.
700 1 2 _aSantamaría Iglesias, José,
_dpról.
942 _2ddc
_cBK
945 _aInventariado, 2018/MFF
956 _2LOPEREZ
_310
_620160630
_8BPMSU
_a00041
999 _c10642
_d10642